| 000 | 00822nam a2200229 i 4500 | ||
|---|---|---|---|
| 001 | 185522 | ||
| 003 | SpMaBN | ||
| 005 | 20230906222445.0 | ||
| 008 | 160628s2002 sp ac |||| |bspa d | ||
| 020 | _a84-7901-812-7 | ||
| 080 | _a929 Shapiro, Dan | ||
| 080 | _a616-006.6-05 | ||
| 100 | 1 |
_aShapiro, Dan ( _d1966-) _9160025 |
|
| 245 | 1 | 3 |
_aLa marihuana de mamá _b: cómo sobreviví al cáncer con amor, tenacidad y algo más-- / _cDan Shapiro ; [traducción, Carles Andreu y Librada Piñero]. |
| 260 |
_aBarcelona : _bRBA, _c[2002] |
||
| 300 |
_a251 p. : _bil., retr. ; _c24 cm. |
||
| 500 | _a"Integral" | ||
| 596 | _aRBA. Integral. | ||
| 600 | 1 | 7 |
_aShapiro, Dan ( _d1966-) _9160025 |
| 650 | 7 |
_aCáncer- _xAspectos psicológicos. _9160026 |
|
| 852 |
_aES-MaACL _jL-30426 _z- enc. cart. _z. - Donat. Miguel A. Velasco |
||
| 999 |
_c185522 _d185522 |
||